| 000 | 00728nam a2200229 a 4500 | ||
|---|---|---|---|
| 999 |
_c705 _d705 |
||
| 001 | 705 | ||
| 003 | BD-JhCC | ||
| 005 | 20171009142222.0 | ||
| 008 | 171008s2003 bg |||| ||a| 00| 0 ben d | ||
| 020 | _a9848140328 | ||
| 035 | _a(BD-JhCC)705 | ||
| 040 |
_aBD-JhCC _dBD-JhCC |
||
| 041 | _aben | ||
| 082 |
_a954.9205 _bAHM 2003 |
||
| 100 | _aআহমেদ, হুমায়ূন | ||
| 245 |
_aমুুক্তিযুদ্ধের কিশোরউপন্যাস / _cহুমায়ূন আহমেদ, |
||
| 260 |
_aঢাকা: _bঅ. আ. প্রকাশনা _c2003 |
||
| 300 |
_a416 p. : _bills; _c21 cm. |
||
| 650 |
_aLiberation war-1971 _xHistory _zBangladesh |
||
| 942 |
_2ddc _cBK |
||